Loading...
| Beliefs | 9 | 15.56 | 100% | 33% | 22% |
| Current Events | 3 | 20.00 | 100% | 100% | 0% |
| Fine Arts - Auditory Fine Arts | 3 | 16.67 | 100% | 67% | 0% |
| Fine Arts - Visual Fine Arts | 3 | 16.67 | 100% | 33% | 33% |
| Geography | 2 | 15.00 | 100% | 50% | 0% |
| History - American History | 7 | 20.00 | 100% | 71% | 29% |
| History - European History | 8 | 18.75 | 100% | 88% | 0% |
| History - World History | 5 | 16.00 | 100% | 40% | 20% |
| Literature - American Literature | 4 | 25.00 | 100% | 100% | 50% |
| Literature - British Literature | 8 | 21.25 | 100% | 75% | 38% |
| Literature - European Literature | 6 | 26.67 | 100% | 83% | 83% |
| Literature - World Literature | 1 | 20.00 | 100% | 0% | 100% |
| Other Arts: Auditory | 3 | 20.00 | 100% | 67% | 33% |
| Other Arts: Visual | 5 | 16.00 | 100% | 40% | 20% |
| Other Science: Earth Science | 3 | 20.00 | 100% | 100% | 0% |
| Other Science: Math | 1 | 20.00 | 100% | 100% | 0% |
| Philosophy | 7 | 24.29 | 100% | 100% | 43% |
| Science - Biology | 7 | 17.14 | 100% | 57% | 14% |
| Science - Chemistry | 5 | 20.00 | 100% | 80% | 20% |
| Science - Physics | 6 | 23.33 | 100% | 83% | 50% |
| Social Science | 5 | 20.00 | 100% | 80% | 20% |
| 13 | 23.85 | 100% | 92% | 46% |